Normal view
MARC view
Entry Personal Name
001 - CONTROL NUMBER
- control field: 1194833
003 - CONTROL NUMBER IDENTIFIER
- control field: OSt
005 - DATE AND TIME OF LATEST TRANSACTION
- control field: 20260324133914.0
008 - FIXED-LENGTH DATA ELEMENTS
- fixed length control field: 260324|| aca||aabn | a|a d
040 ## - CATALOGING SOURCE
- Original cataloging agency: OSt
- Transcribing agency: OSt
100 ## - HEADING--PERSONAL NAME
- Personal name: Vamik D. Volkan; William F. Greer, Jr.; Gabriele Ast
670 ## - SOURCE DATA FOUND
- Source citation: Work cat.: (OSt)1794373: Vamik D. Volkan; William F. Greer, Jr.; Gabriele Ast, Third Reich in the Unconscious
